A detailed prospectus of the auction mart (Record no. 113963)

MARC details
000 -LEADER
fixed length control field 00643cam a22001815a 4500
001 - CONTROL NUMBER
control field L155989
008 - FIXED-LENGTH DATA ELEMENTS--GENERAL INFORMATION
fixed length control field 120424s1809 xxk f 000 0 eng d
035 ## - SYSTEM CONTROL NUMBER
System control number (Sirsi) u155989
041 0# - LANGUAGE CODE
Language code of text/sound track or separate title eng
110 2# - MAIN ENTRY--CORPORATE NAME
Corporate name or jurisdiction name as entry element Auction Mart (London, England)
9 (RLIN) 6047
245 02 - TITLE STATEMENT
Title A detailed prospectus of the auction mart
Remainder of title instituted 1808, illustrated by designs, plans, and sections
260 ## - PUBLICATION, DISTRIBUTION, ETC.
Place of publication, distribution, etc. London
Name of publisher, distributor, etc. Printed by order of the directors, by A. Topping
Date of publication, distribution, etc. 1809
300 ## - PHYSICAL DESCRIPTION
Extent 28 p., [7] p. of plates (some folded)
Other physical details ill.
Dimensions 22 cm.
583 ## - ACTION NOTE
Action Condition reviewed
Time/date of action 20120620
Status condition level 1
651 #4 - SUBJECT ADDED ENTRY--GEOGRAPHIC NAME
Geographic name London
690 ## - LOCAL SUBJECT ADDED ENTRY--TOPICAL TERM (OCLC, RLIN)
Topical term or geographic name as entry element Auctioneering
9 (RLIN) 6218
942 ## - ADDED ENTRY ELEMENTS (KOHA)
Suppress in OPAC 0
Holdings
Withdrawn status Lost status Source of classification or shelving scheme Damaged status Not for loan Home library Current library Shelving location Date acquired Total Checkouts Full call number Barcode Date last seen Copy number Price effective from Koha item type
    Dewey Decimal Classification     Historic collection Historic collection Historic collection 24/04/2012   QUARTO 1809 AUCTION 30077934 20/08/2025 1 06/08/2019 Book